INTRODUCTION TO AUDIOLOGY (Record no. 28459)

MARC details
000 -LEADER
fixed length control field 00425nam a22001817a 4500
003 - CONTROL NUMBER IDENTIFIER
control field SGT
020 ## - INTERNATIONAL STANDARD BOOK NUMBER
International Standard Book Number 9781292058856
082 ## - DEWEY DECIMAL CLASSIFICATION NUMBER
Classification number 617.8
Item number I15M
100 ## - MAIN ENTRY--PERSONAL NAME
Personal name MARTIN, FREDERICK N.
245 ## - TITLE STATEMENT
Title INTRODUCTION TO AUDIOLOGY
250 ## - EDITION STATEMENT
Edition statement 12TH
260 ## - PUBLICATION, DISTRIBUTION, ETC. (IMPRINT)
Place of publication, distribution, etc BOSTON
Name of publisher, distributor, etc PEARSON PUB
Year of Publication 2015
300 ## - PAGE DESCRIPTION
No. of Pages 506
650 ## - SUBJECT ADDED ENTRY--TOPICAL TERM
Topical term or geographic name as entry element AUDIOLOGY
653 ## - KEYWORDS--INDEX TERM
Keyword term ELEMNTS OF AUDIOLOGY
653 ## - KEYWORDS--INDEX TERM
Keyword term MANAGEMENT OF HEARING LOSS
942 ## - ADDED ENTRY ELEMENTS (KOHA)
Source of classification or shelving scheme Dewey Decimal Classification
Koha item type Books
Holdings
Withdrawn status Lost status Source of classification or shelving scheme Damaged status Not for loan Collection code Home library Current library Shelving location Date acquired Vendor Name Cost, normal purchase price SGTU Bill Number Total Checkouts Full call number Accession No. (Barcode) Date last seen Bill Date Koha item type
    Dewey Decimal Classification   Not For Loan MEDICAL SGT Medical Library SGT Medical Library Reference Book 07/11/2024 ADWELL BOOK COMPANY 6501.00 SGTU 24-25/00055   617.8 I15M FM14578 25/12/2024 07/11/2024 Books